Central Library OPAC University of Rajshahi

Personnel management : (Record no. 16112)

MARC details
000 -LEADER
fixed length control field 00764nam a2200253 a 4500
001 - CONTROL NUMBER
control field 16112
003 - CONTROL NUMBER IDENTIFIER
rucl marc code BD-RjUL
005 - DATE AND TIME OF LATEST TRANSACTION
control field 20211208235945.0
008 - FIXED-LENGTH DATA ELEMENTS--GENERAL INFORMATION
fixed length control field 140211r19621960enk 000 0 eng
035 ## - SYSTEM CONTROL NUMBER
System control number (BD-RjUL)16167
040 ## - CATALOGING SOURCE
Original cataloging agency DLC
Transcribing agency BD-RjUL
Modifying agency BD-RjUL
Language of cataloging eng
041 ## - LANGUAGE CODE
Language code of text/sound track or separate title eng
082 ## - DEWEY DECIMAL CLASSIFICATION NUMBER
Edition number 23
Classification number 658.3
Author mark and year NOP 1962
100 1# - MAIN ENTRY--PERSONAL NAME
Personal name Northcott, Clarence H.
Fuller form of name (Clarence Hunter),
Dates associated with a name 1880-1968.
9 (RLIN) 49874
245 00 - TITLE STATEMENT
Title Personnel management :
Remainder of title principles and practice /
Statement of responsibility, etc. C. H. Northcott
250 ## - EDITION STATEMENT
Edition statement 4th ed.
260 ## - PUBLICATION, DISTRIBUTION, ETC. (IMPRINT)
Place of publication, distribution, etc. London:
Name of publisher, distributor, etc. Pitman,
Date of publication, distribution, etc. c1960 [reprinted 1962]
300 ## - PHYSICAL DESCRIPTION
Pagination vii, 421 p. :
Illustrations ill.;
Size 23 cm.
504 ## - BIBLIOGRAPHY, ETC. NOTE
Bibliography, etc Bibliography: p. 333-334.
650 #0 - SUBJECT ADDED ENTRY--TOPICAL TERM
Topical term or geographic name as entry element Personnel management.
9 (RLIN) 49875
942 ## - ADDED ENTRY ELEMENTS (KOHA)
Source of classification or shelving scheme Dewey Decimal Classification
Koha item type Books
Holdings
Lost status Source of classification or shelving scheme Damaged status Not for loan Collection code Permanent Location Current Location Shelving location Date acquired Source of acquisition Cost, normal purchase price Total Checkouts Full call number Date last seen Copy number Koha item type
  Dewey Decimal Classification     Non-fiction Central Library, University of Rajshahi Central Library, University of Rajshahi   19/03/1963 Zeitlinger 30.00   658.3 NOP 1962 11/02/2014 C-3 Books
  Dewey Decimal Classification     Non-fiction Central Library, University of Rajshahi Central Library, University of Rajshahi   27/07/1964 Zeitlinger 30.00   658.3 NOP 1962 02/07/2019 C-2 Books
  Dewey Decimal Classification     Non-fiction Central Library, University of Rajshahi Central Library, University of Rajshahi   27/07/1964 Zeitlinger 30.00   658.3 NOP 1962 02/07/2019 C-4 Books
  Dewey Decimal Classification     Non-fiction Central Library, University of Rajshahi Central Library, University of Rajshahi   27/07/1964 Zeitlinger 30.00   658.3 NOP 1962 02/07/2019 C-5 Books
  Dewey Decimal Classification     Non-fiction Central Library, University of Rajshahi Central Library, University of Rajshahi   27/07/1964 Zeitlinger 30.00   658.3 NOP 1962 02/07/2019 C-6 Books
  Dewey Decimal Classification     Non-fiction Central Library, University of Rajshahi Central Library, University of Rajshahi   19/03/1963 Zeitlinger 30.00   658.3 NOP 1962 02/07/2019 C-7 Books
  Dewey Decimal Classification     Non-fiction Central Library, University of Rajshahi Central Library, University of Rajshahi   19/03/1963 Zeitlinger 30.00   658.3 NOP 1962 02/07/2019 C-8 Books
  Dewey Decimal Classification   Not For Loan Non-fiction Central Library, University of Rajshahi Central Library, University of Rajshahi Reading Room 27/07/1964 Zeitlinger 30.00   658.3 NOP 1962 02/07/2019 C-1 Books